| 000 | 01710nam a2200241Ia 4500 | ||
|---|---|---|---|
| 999 |
_c54689 _d54689 |
||
| 001 | 21756 | ||
| 003 | GE_BSU | ||
| 005 | 20220228162815.0 | ||
| 008 | 181216s ||||ge |||||||||||||| ||geo|| | ||
| 040 | _cGE_BSU | ||
| 041 | _ageo | ||
| 080 | _a811.353.1(072)(073) გ-12 | ||
| 100 |
_aგაბედავა, გრ. _99538 |
||
| 245 |
_aქართული ენის სწავლების მეთოდიკის პრაქტიკუმი : _bდამხმარე სახელმძღ. ფილილიოგიის ფაკულტეტის სტუდენტებისათვის / _cგრ. გაბედავა ; რედ. ც. კვინტრაძე. |
||
| 264 |
_aთბილისი : _bგანათლება, _c1987. |
||
| 300 |
_a142 გვ. ; _c19 სმ. |
||
| 500 | _aწიგნში განხილულია ქართული ენის სწავლების თეორიის პრაქტიკასთან დაკავშირების საკითხები-ქართული ენის სწავლების მეთოდიკა, დავალებებისა და სავარჯიშოების შერჩევა, სწავლების ტექნიკურ საშუალებათა გამოვლენა | ||
| 541 | _h0.50თ. | ||
| 653 | _aქართული ენა | ||
| 653 | _aქართული ენის სწავლების მეთოდიკის პრაქტიკუმი | ||
| 700 |
_aკვინტრაძე, ც. _eრედაქტორი _913572 |
||
| 942 |
_cBK _2udc |
||